000 00844cab a2200253 4500
001 ABS56914
008 090401t1997 xxu||||| |||| 00| 0 eng d
035 _a(Sirsi) u77940
041 _aeng
100 _aTutcher, S.
245 _aPounding out the details in unusual cases
260 _c1997
350 _a0
490 _aProperty Week
_v59(2) 11 April 1997, 23(1)
520 _aA look at recent rating decisions - in particular those which concerned properties of an unusual nature.
650 _aBARRATT INTERNATIONAL RESORTS V ASSESSOR FOR HIGHLAND REGION
650 _aHODGKINSON VO V STRATHCLYDE RC SUPERANNUATION FUND
650 _aMAKRO SELF-SERVICE WHOLESALERS LTD V BRENNAN (VO)
650 _aRATING DECISIONS
650 _aUNUSUAL PROPERTIES
690 _aRATING AND VALUATION
942 _n0
948 _c25/04/1997
999 _c49014
_d49014